LEADER 01376nam a2200289 u 4500 001 000000007550 003 CaOOAMICUS 005 20070226105009.0 008 940514s1987 fr bk u000 u fre u 020 $a2-222-03912-6 035 $a10197960 040 $aPUL$bita 245 04$aLes conciles de la province de Tours = :$bConcilia provinciae Turonensis (saec. XIII-XV) /$cédités par Joseph Avril. 260 $aParis :$bÉditions du Centre National de la Recherche Scientifique,$c1987. 300 $a504 p. :$bc. geogr., prosp. ;$c25 cm 490 1 $aSources d'histoire médiévale 504 $a"Bibliographie": p. [13]-18. 650 4$aConcili e sinodi$zFrancia$zTours.$0(OLS)http://pul/subject/6668 700 1 $aAvril, Joseph.$0(OLS)http://pul/name/504 830 0$aSources d'histoire médiévale.$0(OLS)http://pul/title/11046 850 $aPUL 852 $aPUL$W1$xDP1 Fondo Maccarrone$y58$m1518 A 10$j10662$nBK-PRI$b $qFondi$B10662$CPULBib$Z2$F10662 $H $81 941 1 $a1 961 $aINV: 4490.F.Maccarrone 996 $6020$a2-222-03912-6$9(OLS)http://pul/number/9743 996 $6245$aLes conciles de la province de Tours = :$bConcilia provinciae Turonensis (saec. XIII-XV)$9(OLS)http://pul/title/11045 996 $6260$aParis :$bÉditions du Centre National de la Recherche Scientifique$9(OLS)http://pul/publisher/51764 LEADER 01361nam a2200277 u 4500 001 000000002113 003 CaOOAMICUS 005 20070226104404.0 008 940527s1953 it ch u000 u fre u 035 $a10053471 040 $aUUM$bita$cUUM$dm.c.$dPUL(R) 100 1 $aBignami Odier, Jeanne,$d1902-1989.$0(OLS)http://pul/name/2289 245 10$aBibliographie sommaire des travaux du père André Wilmart O.S.B. 1876-1941 /$cpar J. Bignami Odier, L. Brou O.S.B., A. Vernet. 260 $aRoma :$bEdizioni di Storia e Letteratura,$c1953. 300 $a144 p., [2] c. di tav. :$britr., tav. paleog. ;$c26 cm 490 1 $aSussidi eruditi ;$v5 600 14$aWilmart, André,$cO.S.B.,$d1876-1941$xBibliografia.$0(OLS)http://pul/subject/1978 700 1 $aVernet, A.$0(OLS)http://pul/name/2291 700 1 $aBrou, Louis,$cO.S.B.,$d1898-1961.$0(OLS)http://pul/name/2290 830 0$aSussidi eruditi ;$v5.$0(OLS)http://pul/title/3135 850 $aPUL 852 $aPUL$W1$xDP1 Fondo Maccarrone$y58$m1526 C 13$j2810$nBK-PRI$b $qFondi$B2810$CPULBib$Z2$F2810 $H $81 941 1 $a1 961 $aINV: F. Maccarrone 996 $6245$aBibliographie sommaire des travaux du père André Wilmart O.S.B. 1876-1941$9(OLS)http://pul/title/3134 996 $6260$aRoma :$bEdizioni di Storia e Letteratura$9(OLS)http://pul/publisher/48123